000 02221cam a2200169 4500500
005 20260208010518.0
041 _afre
042 _adc
100 1 0 _aGabaude, Jean-Marc
_eauthor
245 0 0 _aMichele Malatesta (dir.), La Filosofia di Nicola Petruzzellis, Naples, Ferraro, 2000, 128 p.
260 _c2003.
500 _a16
520 _aLa philosophie intégraliste de Jean Granier L’œuvre de Jean Granier, aussi ignorée que monumentale, prend à bras le corps tous les grands problèmes de la philosophie, de l’ontologie à l’art, de l’anthropologie à la métaphysique, jusqu’à l’ultime question de la destination de l’homme. Cette philosophie, nommée Intégralisme, propose de fonder la philosophie elle-même, en méditant d’un côté la position transcendantale de l’être dans le discours philosophique, et de l’autre le statut du moi dans l’élaboration de ce discours, avec le désir et les valeurs, ouvrant la voie à une compréhension radicale de l’essence de la philosophie comme interprétation égotiste du monde et de son au-delà, le « transréel ».
520 _aJean Granier’s integralist philosophy Jean Granier’s work, which, however monumental as it may be, seems to be so often unacknowledged, tackles head forward all the greatest problems in philosophy, whether it be from ontology to art, and from anthropology to metaphysics as well as the ultimate question of man’s destiny. His philosophy – entitled Integralism – suggest grounding philosophy itself by taking into account, on the one hand, the transcendental position of being taking place within the philosophical discourse, whilst, on the other hand, it considers the status of the « I » while devising that very same discourse, using desires and values to pave the way for a radical understanding of the essence of philosophy, which may then be understood as an « egotistic » interpretation of the world and what lies beyond, i.e. the « transreal ».
786 0 _nRevue philosophique de la France et de l'étranger | 128 | 4 | 2003-12-01 | p. 451m-506m | 0035-3833
856 4 1 _uhttps://shs.cairn.info/revue-philosophique-2003-4-page-451m?lang=fr&redirect-ssocas=7080
999 _c1656859
_d1656859